<?xml version="1.0" encoding="UTF-8"?><?xml-stylesheet type="text/xsl" href="static/style.xsl"?><OAI-PMH xmlns="http://www.openarchives.org/OAI/2.0/" xmlns:xsi="http://www.w3.org/2001/XMLSchema-instance" xsi:schemaLocation="http://www.openarchives.org/OAI/2.0/ http://www.openarchives.org/OAI/2.0/OAI-PMH.xsd"><responseDate>2026-04-13T07:11:26Z</responseDate><request verb="GetRecord" identifier="oai:www.recercat.cat:2117/404296" metadataPrefix="marc">https://recercat.cat/oai/request</request><GetRecord><record><header><identifier>oai:recercat.cat:2117/404296</identifier><datestamp>2026-02-05T01:21:59Z</datestamp><setSpec>com_2072_1033</setSpec><setSpec>col_2072_452949</setSpec></header><metadata><record xmlns="http://www.loc.gov/MARC21/slim" xmlns:dcterms="http://purl.org/dc/terms/" xmlns:xsi="http://www.w3.org/2001/XMLSchema-instance" xmlns:doc="http://www.lyncode.com/xoai" xsi:schemaLocation="http://www.loc.gov/MARC21/slim http://www.loc.gov/standards/marcxml/schema/MARC21slim.xsd">
   <leader>00925njm 22002777a 4500</leader>
   <datafield ind2=" " ind1=" " tag="042">
      <subfield code="a">dc</subfield>
   </datafield>
   <datafield ind2=" " ind1=" " tag="720">
      <subfield code="a">Torrent, Horacio</subfield>
      <subfield code="e">author</subfield>
   </datafield>
   <datafield ind2=" " ind1=" " tag="260">
      <subfield code="c">2023-12</subfield>
   </datafield>
   <datafield ind2=" " ind1=" " tag="520">
      <subfield code="a">The paper presents only partially the development of more extensive research that aims to describe, characterize, and interpret the relationship between modern architecture and the city through the category of the urban project in Chile between 1930 and 1980. It intends to Identify and characterize the relationship between architecture and urban planning, as well as the correspondences between the instruments of planning and those of architecture present in the category of urban project, which were oriented to the development of Chilean cities.The urban project in Chile had at least three critical moments of definition: the first between 1929 and 1940, the second between 1940 and 1960, and the third between 1960 and 1979. The paper aims to show, through a critical historical reading, the institutional conditions, the main arguments, and the paradigmatic cases in the search for relations or articulations between the idea of the plan and the urban project.</subfield>
   </datafield>
   <datafield ind2=" " ind1=" " tag="520">
      <subfield code="a">La ponencia presenta parcialmente el desarrollo de una investigación mayor que se propone describir, caracterizar e interpretar la relación entre arquitectura moderna y ciudad, a través de la categoría de proyecto urbano en Chile entre 1930 y 1980. Se propone identificar y caracterizar instrumentos de la arquitectura y el urbanismo, orientado al desarrollo de las ciudades chilenas, así como las correspondencias entre los instrumentos de planificación y los de arquitectura presentes en la categoría de proyecto urbano. El proyecto urbano tuvo en Chile al menos tres momentos clave de definición: el primero entre 1929 y 1940; el segundo entre 1940 y 1960; y el tercero entre 1960 y 1979. La ponencia se propone mostrar a través de una lectura histórico crítica, las condiciones institucionales, los principales argumentos, y los casos paradigmáticos, en la búsqueda de las relaciones o articulaciones entre la idea de plan y el proyecto urbano.</subfield>
   </datafield>
   <datafield ind2=" " ind1=" " tag="520">
      <subfield code="a">Peer Reviewed</subfield>
   </datafield>
   <datafield tag="653" ind2=" " ind1=" ">
      <subfield code="a">Àrees temàtiques de la UPC::Arquitectura::Urbanisme::Planejament urbà</subfield>
   </datafield>
   <datafield tag="653" ind2=" " ind1=" ">
      <subfield code="a">City planning -- Chile -- History -- 20th century</subfield>
   </datafield>
   <datafield tag="653" ind2=" " ind1=" ">
      <subfield code="a">Urban design</subfield>
   </datafield>
   <datafield tag="653" ind2=" " ind1=" ">
      <subfield code="a">Urban plans</subfield>
   </datafield>
   <datafield tag="653" ind2=" " ind1=" ">
      <subfield code="a">Urban instruments</subfield>
   </datafield>
   <datafield tag="653" ind2=" " ind1=" ">
      <subfield code="a">Chile</subfield>
   </datafield>
   <datafield tag="653" ind2=" " ind1=" ">
      <subfield code="a">Proyecto urbano</subfield>
   </datafield>
   <datafield tag="653" ind2=" " ind1=" ">
      <subfield code="a">Planes urbanos</subfield>
   </datafield>
   <datafield tag="653" ind2=" " ind1=" ">
      <subfield code="a">Instrumentos urbanos</subfield>
   </datafield>
   <datafield tag="653" ind2=" " ind1=" ">
      <subfield code="a">Chile</subfield>
   </datafield>
   <datafield tag="653" ind2=" " ind1=" ">
      <subfield code="a">Urbanisme -- Xile -- Història -- S. XX</subfield>
   </datafield>
   <datafield ind2="0" ind1="0" tag="245">
      <subfield code="a">The tres momentos del proyecto urbano en Chile: ciudad y arquitectura, en el siglo XX</subfield>
   </datafield>
   <datafield ind2="0" ind1="0" tag="245">
      <subfield code="a">Three critical moments of the urban project in Chile: city and architecture, in the 20th century</subfield>
   </datafield>
</record></metadata></record></GetRecord></OAI-PMH>